[Event "Lienz op 22nd"]
[Site "Lienz"]
[Date "2025.02.08"]
[Round "1"]
[White "Marakovits, Nico"]
[Black "Range, Felix"]
[Result "1-0"]
[WhiteElo "2274"]
[BlackElo "1789"]
[PlyCount "93"]
[EventDate "2025.02.08"]
[EventType "swiss"]
[EventRounds "9"]
[EventCountry "AUT"]
[SourceTitle "CB08_2025"]
[SourceDate "2025.02.19"]
[SourceVersion "1"]
[SourceVersionDate "2025.02.19"]
[SourceQuality "1"]

1. d4 Nf6 2. Nf3 g6 3. c4 Bg7 4. Nc3 0-0 5. e4 d6 6. Be2 e5 7. 0-0 Nc6 8. d5 Ne7 9. b4 Ne8 10. a4 f5 11. a5 f4 12. c5 h6 13. Nd2 g5 14. Nc4 Ng6 15. Ba3 Rf6 16. Rc1 Qd7 17. h3 Nh4 18. Bg4 Qd8 19. cxd6 cxd6 20. Nd2 Bxg4 21. Qxg4 Rg6 22. g3 h5 23. Qxh5 Nf6 24. Qe2 Qd7 25. g4 Rf8 26. f3 Rh6 27. Rf2 Ng6 28. Rh2 Rc8 29. Qf2 a6 30. Qb6 Ne7 31. b5 axb5 32. Nb3 Ne8 33. Qxb5 Qd8 34. Na4 Rxc1+ 35. Nxc1 Qc8 36. Nd3 Nc7 37. Qc4 Bf8 38. Nb6 Qd8 39. Kg2 Nc8 40. Nxc8 Qxc8 41. Rh1 Qb8 42. Rc1 Na6 43. Rb1 Qa7 44. Rb6 Nb8 45. Qb5 Be7 46. Rxb7 Qe3 47. Qe8+ 1-0

[Event "GER-chT U20"]
[Site "Osnabrueck"]
[Date "2011.12.27"]
[Round "1.6"]
[White "Range, Felix"]
[Black "Zolfagharian, Kevin"]
[Result "0-1"]
[WhiteElo "1547"]
[BlackElo "1727"]
[PlyCount "58"]
[EventDate "2011.12.27"]
[EventType "team-swiss"]
[EventRounds "7"]
[EventCountry "GER"]
[SourceTitle "CBM 146 Extra"]
[Source "ChessBase"]
[SourceDate "2012.02.29"]
[SourceVersion "1"]
[SourceVersionDate "2012.02.29"]
[SourceQuality "1"]
[WhiteTeam "Wilkau Hasslau Muldental"]
[BlackTeam "Solingen"]
[WhiteTeamCountry "GER"]
[BlackTeamCountry "GER"]

1. e4 c5 2. Nf3 Nc6 3. d4 cxd4 4. Nxd4 Nf6 5. Nc3 d6 6. Bc4 e6 7. Bg5 Be7 8. f3 Qa5 9. Be3 e5 10. Nb3 Qc7 11. Qe2 Be6 12. 0-0-0 a6 13. Nd5 Bxd5 14. Bxd5 Rc8 15. Kb1 0-0 16. f4 Nb4 17. c3 Nbxd5 18. exd5 Nd7 19. h4 b5 20. g4 exf4 21. Bxf4 Nb6 22. g5 Na4 23. h5 Kh8 24. g6 Bf6 25. h6 fxg6 26. hxg7+ Bxg7 27. Qe6 Rxf4 28. Qxg6 Be5 29. Na5 Qf7 0-1

[Event "Sachsen-ch U14"]
[Site "Sebnitz"]
[Date "2009.04.17"]
[Round "6"]
[White "Range, Felix"]
[Black "Fibich, Jascha"]
[Result "0-1"]
[WhiteElo "1270"]
[BlackElo "1670"]
[PlyCount "76"]
[EventDate "2009.04.14"]
[EventType "swiss"]
[EventRounds "7"]
[EventCountry "GER"]
[SourceTitle "EXT 2010"]
[Source "ChessBase"]
[SourceDate "2010.11.25"]
[SourceVersion "1"]
[SourceVersionDate "2010.11.25"]
[SourceQuality "1"]

1. e4 e5 2. Nf3 Nc6 3. d4 exd4 4. Bc4 Bc5 5. c3 Nf6 6. cxd4 Bb4+ 7. Bd2 Bxd2+ 8. Nbxd2 d5 9. exd5 Nxd5 10. 0-0 0-0 11. Nb3 Bg4 12. a3 Re8 13. Re1 Rxe1+ 14. Qxe1 Bxf3 15. gxf3 Nf4 16. Kh1 Qg5 17. Qg1 Qxg1+ 18. Rxg1 Rd8 19. Rd1 g6 20. h4 Ne7 21. Kh2 Nf5 22. h5 Nxh5 23. d5 Nf4 24. Nc5 Nd6 25. Bb3 Re8 26. Rd4 Nh5 27. Ne4 Kg7 28. Ba4 Re7 29. b4 Nf6 30. Nxd6 cxd6 31. Kg3 g5 32. Bb3 Re5 33. Rd3 Kg6 34. f4 Nh5+ 35. Kh2 Nxf4 36. Rf3 h5 37. Kg1 Ne2+ 38. Kg2 Nd4 0-1